ARRUPE JESUIT UNIVERSITY

CORONAVIRUS -STOP THE SPREAD - CLEAN,DISINFECT,COVER

The Qurʼan / (Record no. 120424)

MARC details
000 -LEADER
fixed length control field 01376cam a22003494a 4500
001 - CONTROL NUMBER
control field 13822098
003 - CONTROL NUMBER IDENTIFIER
control field ARRUPE
005 - DATE AND TIME OF LATEST TRANSACTION
control field 20140423113513.0
008 - FIXED-LENGTH DATA ELEMENTS--GENERAL INFORMATION
fixed length control field 041221r20052004nyub b 001 0 eng
010 ## - LIBRARY OF CONGRESS CONTROL NUMBER
LC control number 2004030574
020 ## - INTERNATIONAL STANDARD BOOK NUMBER
International Standard Book Number 0192831933 (alk. paper)
040 ## - CATALOGING SOURCE
Original cataloging agency DLC
Transcribing agency DLC
Modifying agency DLC
041 1# - LANGUAGE CODE
Language code of text/sound track or separate title eng
Language code of original and/or intermediate translations of text ara
042 ## - AUTHENTICATION CODE
Authentication code pcc
050 00 - LIBRARY OF CONGRESS CALL NUMBER
Classification number BP109
Item number 2005
082 00 - DEWEY DECIMAL CLASSIFICATION NUMBER
Classification number 297.1/22521
Edition number 22
300 ## - PHYSICAL DESCRIPTION
Other physical details map ;
Dimensions 20 cm.
130 0# - MAIN ENTRY--UNIFORM TITLE
Uniform title Qurʼan.
Language of a work English.
9 (RLIN) 9932
245 14 - TITLE STATEMENT
Title The Qurʼan /
Statement of responsibility, etc a new translation by M.A.S. Abdel Haleem.
260 ## - PUBLICATION, DISTRIBUTION, ETC. (IMPRINT)
Place of publication, distribution, etc New York :
Name of publisher, distributor, etc Oxford University Press,
Date of publication, distribution, etc 2005.
300 ## - PHYSICAL DESCRIPTION
Extent xli, 464 p. :
490 1# - SERIES STATEMENT
Series statement Oxford world's classics
500 ## - GENERAL NOTE
General note Originally published: 2004.
504 ## - BIBLIOGRAPHY, ETC. NOTE
Bibliography, etc Includes bibliographical references and index.
700 1# - ADDED ENTRY--PERSONAL NAME
Personal name Abdel Haleem, M. A.
9 (RLIN) 9933
830 #0 - SERIES ADDED ENTRY--UNIFORM TITLE
Uniform title Oxford world's classics (Oxford University Press)
9 (RLIN) 9934
856 41 - ELECTRONIC LOCATION AND ACCESS
Materials specified Table of contents only
Uniform Resource Identifier <a href="http://www.loc.gov/catdir/toc/ecip055/2004030574.html">http://www.loc.gov/catdir/toc/ecip055/2004030574.html</a>
856 42 - ELECTRONIC LOCATION AND ACCESS
Materials specified Publisher description
Uniform Resource Identifier <a href="http://www.loc.gov/catdir/enhancements/fy0638/2004030574-d.html">http://www.loc.gov/catdir/enhancements/fy0638/2004030574-d.html</a>
856 42 - ELECTRONIC LOCATION AND ACCESS
Materials specified Contributor biographical information
Uniform Resource Identifier <a href="http://www.loc.gov/catdir/enhancements/fy0724/2004030574-b.html">http://www.loc.gov/catdir/enhancements/fy0724/2004030574-b.html</a>
906 ## - LOCAL DATA ELEMENT F, LDF (RLIN)
a 7
b cbc
c orignew
d 1
e ecip
f 20
g y-gencatlg
942 ## - ADDED ENTRY ELEMENTS (KOHA)
Source of classification or shelving scheme Library of Congress Classification
Koha item type Monograph ( Printed materials)
Holdings
Withdrawn status Lost status Source of classification or shelving scheme Damaged status Not for loan Collection code Home library Current library Shelving location Date acquired Total Checkouts Full call number Barcode Date last seen Date checked out Price effective from Koha item type
    Library of Congress Classification     Main Collection ARRUPE LIBRARY ARRUPE LIBRARY Main Collection 23/04/2014 1 BP109 2005 46500001640 15/11/2016 21/10/2015 23/04/2014 Monograph ( Printed materials)

 

Arrupe Library. PO Box MP320 Mt Pleasant, Harare, Zimbabwe
263 242 745411|librarian@aju.ac.zw